• 首页
  • 本馆介绍
  • 公告通知
  • 最新文献
  • 馆藏检索
  • 电子资源
  • 读者导购
  • 参考咨询
  • 我的图书馆
  • 登录
  • 期刊详细显示
  • 现刊情况显示
  • 合订本情况显示
  • 篇目信息显示

期刊信息

  • 表格格式
  • 工作单格式
  • 卡片格式
索取号 
K91/NG
题名 
NATIONAL GEOGRAPHIC
作者 
editor, GILBERT HOVEY GROSVENOR
分册号 
分册名 
出版地 
WASHINGTON,D.C.
出版者 
NATIONAL GEOGRAPHIC SOCIETY
标准刊号 
0027-9358
出版频率 
月刊
中图法分类 
K91
主题词 
地理 世界
电子资源 
000 01192nas0 2200241 45
001 0735242687
005 20070510100037.62
011    @a0027-9358@d$1.90(1984)
100    @a20070510d km y0chiy0120 ea
101 0  @aeng
200 1  @aNATIONAL GEOGRAPHIC@d=THE NATIONAL GEOGRAPHIC SOCIETY@feditor, GILBERT HOVEY GROSVENOR
207    @aCOPYRIGHT,1983,NATIONAL GEOGRAPHIC SOCIETY,17th ,and M Sts.N.W.,Washington,D.C.,20036.Second-class postage paid at Washington,D.C.,and elsewhere.
210    @aWASHINGTON,D.C.@cNATIONAL GEOGRAPHIC SOCIETY
215    @d22cm
300    @aTHE NATIONAL GEOGRAPHIC SOCIETY is chartered in Washington,D.C.,in accordance with the laws of the United States,as a nonprofit scientific and educational organization.Since 1890 the Society has supported more than 2400 explorations and research projects,adding immeasurably to man's knowledge of earth,sea,and sky.It diffuses this knowledge through its monthly journal,NATIONAL GEOGRAPHIC .
326    @a月刊
510    @aTHE NATIONAL GEOGRAPHIC SOCIETY
606 0  @a地理@x世界
690    @aK91@v4
701  0 @aeditor
701  0 @aGILBERT HOVEY GROSVENOR
801  0 @aCN@bPFT@c20070510
905    @aTJWY@dK91@eNG
    
    NATIONAL GEOGRAPHIC=THE NATIONAL GEOGRAPHIC SOCIETY/editor, GILBERT HOVEY GROSVENOR.-COPYRIGHT,1983,NATIONAL GEOGRAPHIC SOCIETY,17th ,and M Sts.N.W.,Washington,D.C.,20036.Second-class postage paid at Washington,D.C.,and elsewhere.-WASHINGTON,D.C.:NATIONAL GEOGRAPHIC SOCIETY
    22cm
    THE NATIONAL GEOGRAPHIC SOCIETY is chartered in Washington,D.C.,in accordance with the laws of the United States,as a nonprofit scientific and educational organization.Since 1890 the Society has supported more than 2400 explorations and research projects,adding immeasurably to man's knowledge of earth,sea,and sky.It diffuses this knowledge through its monthly journal,NATIONAL GEOGRAPHIC .-←并列题名:THE NATIONAL GEOGRAPHIC SOCIETY
    
    ISSN 0027-9358:$1.90(1984)
    
●
相关链接: 在易读查询期刊 在中国知网中查询期刊 在万方数据查询期刊 在维普查询期刊
唐山师范学院图书馆 欢迎您!
大连网信软件有限公司© 版权所有